[Event "Let's Play Chess!"]
[Site "http://www.queenalice.com/game.php?id=1760021"]
[Date "2021.5.22"]
[Round "-"]
[White "igorjava"]
[Black "rom_banane"]
[Result "0-1"]
[WhiteElo "2065"]
[BlackElo "2107"]

1. e4 d5 2. exd5 Nf6 3. c4 e6 4. dxe6 Bxe6 5. d4 Bb4+ 6. Nc3 Ne4 7. Qd3 Bf5 8.
Qf3 Qxd4 9. Ne2 Qd7 10. h3 Nc6 11. a3 Bxc3+ 12. bxc3 Ne5 13. Qh5 Nd3+ 14. Kd1
Qa4# 0-1

[Event "AUTO-OPEN-4282"]
[Site "http://www.queenalice.com/game.php?id=1760596"]
[Date "2021.5.27"]
[Round "1"]
[White "Paulojunior76"]
[Black "rom_banane"]
[Result "1-0"]
[WhiteElo "1564"]
[BlackElo "2039"]

1. e4 c5 2. Nf3 Nc6 3. d4 cxd4 4. Nxd4 Nxd4 5. Qxd4 e6 6. Bb5 Qa5+ 7. Nc3 a6 8.
Ba4 e5 9. Qd5 Qxd5 10. Nxd5 Bd6 11. c4 Nf6 12. Bc2 Nxd5 13. cxd5 O-O 14. g4 Bb4+
15. Bd2 Bxd2+ 16. Kxd2 d6 17. f3 g6 18. h4 f5 19. gxf5 gxf5 20. Rag1+ Kh8 21.
exf5 Bxf5 22. Bb3 h5 23. Rg5 Bh7 24. Ke3 Rf5 25. Rhg1 Raf8 26. Rxf5 Rxf5 27. Rc1
Rf4 28. Rc8+ Bg8 29. Rc4 Rxc4 30. Bxc4 b5 31. Bb3 a5 32. a3 a4 33. Ba2 Bh7 34.
b3 Bg8 35. Ke4 Bh7+ 36. Ke3 Kg7 37. bxa4 bxa4 38. Bc4 Kf6 39. Kd2 e4 40. Bb5
exf3 41. Bxa4 Ke5 42. Ke3 Be4 43. Bc6 Bxd5 44. Bxd5 Kxd5 45. Kxf3 Ke5 46. a4 d5
47. a5 d4 48. a6 Kd6 49. a7 1-0

[Event "AUTO-OPEN-4282"]
[Site "http://www.queenalice.com/game.php?id=1760597"]
[Date "2021.5.27"]
[Round "1"]
[White "rom_banane"]
[Black "Paulojunior76"]
[Result "0-1"]
[WhiteElo "2069"]
[BlackElo "1504"]

1. d4 Nf6 2. c4 d6 3. Nc3 c5 4. Nf3 cxd4 5. Nxd4 g6 6. e3 Bg7 7. h3 O-O 8. Bd3
Nbd7 9. O-O Nc5 10. Re1 a6 11. e4 Bd7 12. Be3 Nxd3 13. Qxd3 Qa5 14. Rab1 Qh5 15.
Nd5 g5 16. Nb6 Rae8 17. f4 gxf4 18. Bxf4 e5 19. g4 Bxg4 20. hxg4 Qxg4+ 21. Bg3
exd4 22. Kg2 h5 23. Qf3 Re6 24. Qxg4 hxg4 25. e5 dxe5 26. Nd5 Nxd5 27. cxd5 Re7
28. Bh4 f6 29. Rbc1 b6 30. Rc6 Rb7 31. d6 Rd8 32. Rxe5 fxe5 33. Bxd8 Bf8 34.
Bxb6 Rd7 35. Bc5 Rf7 36. Rc7 d3 37. Rxf7 Kxf7 38. d7 Be7 39. Bb6 d2 0-1

[Event "AUTO-OPEN-4282"]
[Site "http://www.queenalice.com/game.php?id=1760622"]
[Date "2021.5.27"]
[Round "1"]
[White "Cagakan"]
[Black "rom_banane"]
[Result "0-1"]
[WhiteElo "1317"]
[BlackElo "2124"]

1. d4 f5 2. e4 fxe4 3. Nc3 Nf6 4. Bg5 g6 5. Bxf6 exf6 6. Nxe4 d5 7. Nc3 Nc6 8.
Qe2+ Be7 9. O-O-O O-O 10. h4 Bb4 11. Qd2 Re8 12. h5 Bg4 13. Be2 Bf5 0-1

[Event "AUTO-OPEN-4282"]
[Site "http://www.queenalice.com/game.php?id=1760623"]
[Date "2021.5.27"]
[Round "1"]
[White "rom_banane"]
[Black "Cagakan"]
[Result "1-0"]
[WhiteElo "2123"]
[BlackElo "1317"]

1. d4 Nf6 2. c4 e6 3. Nc3 d5 4. Bg5 Nbd7 5. e3 c6 6. Nf3 Qa5 7. Bxf6 Nxf6 8. c5
Ne4 9. Qc2 b6 10. Ne5 Bb7 11. Nc4 dxc4 12. Qxe4 b5 13. Be2 b4 14. Nd1 1-0

[Event "AUTO-OPEN-4282"]
[Site "http://www.queenalice.com/game.php?id=1760638"]
[Date "2021.5.27"]
[Round "1"]
[White "SGF"]
[Black "rom_banane"]
[Result "0-1"]
[WhiteElo "1774"]
[BlackElo "2118"]

1. e4 d5 2. Qf3 dxe4 3. Qxe4 Nf6 4. Qf3 Nc6 5. c3 e5 6. d3 Bg4 7. Qg3 Bd6 8. Bg5
Bf5 9. Nd2 e4 10. Qe3 O-O 11. dxe4 Re8 12. O-O-O h6 13. Bxf6 Qxf6 14. f3 Be6 15.
Kb1 Bf4 16. Qc5 Rad8 17. g3 Bxd2 18. Qf2 Bxc3 19. Rxd8 Rxd8 20. bxc3 Qxc3 21.
Qb2 Rd1+ 22. Qc1 Rxc1# 0-1

[Event "AUTO-OPEN-4282"]
[Site "http://www.queenalice.com/game.php?id=1760639"]
[Date "2021.5.27"]
[Round "1"]
[White "rom_banane"]
[Black "SGF"]
[Result "1-0"]
[WhiteElo "2120"]
[BlackElo "1826"]

1. d4 d5 2. c4 e6 3. e3 Bb4+ 4. Bd2 a5 5. a3 Bxd2+ 6. Nxd2 b6 7. Ngf3 f6 8. cxd5
Qxd5 9. Bc4 Qd6 10. Ne4 Qd7 11. O-O b5 12. Nc5 Qc6 13. Bd3 Ne7 14. Qc2 O-O 15.
Bxh7+ Kh8 16. Be4 Qd6 17. Bxa8 Kg8 18. Bb7 Bxb7 19. Nxb7 Qb6 20. Qc5 Qxb7 21.
Qxe7 Qc6 22. Rfc1 Qd7 23. Rxc7 Qxe7 24. Rxe7 e5 25. Rc1 exd4 26. Rcc7 Na6 27.
Rxg7+ Kh8 28. Rh7+ Kg8 29. Rcg7# 1-0

[Event "AUTO-MASTER-3050"]
[Site "http://www.queenalice.com/game.php?id=1762334"]
[Date "2021.6.17"]
[Round "1"]
[White "LuisGabriel_HD"]
[Black "rom_banane"]
[Result "1-0"]
[WhiteElo "1986"]
[BlackElo "2111"]

1. e4 Nc6 2. Nc3 d6 3. Bb5 Bd7 4. d3 Nf6 5. Bg5 e5 6. Nf3 Be7 7. O-O O-O 8. Re1
h6 9. Bxf6 Bxf6 10. Nd5 a6 11. Bc4 Re8 12. c3 b5 13. Bb3 Na5 14. h3 c6 15. Nxf6+
Qxf6 16. Re3 Be6 17. Bxe6 Rxe6 18. b4 Nb7 19. a4 a5 20. axb5 cxb5 21. bxa5 Nxa5
22. Qd2 Qd8 23. Rb1 Rb8 24. c4 bxc4 25. Rxb8 Qxb8 26. Qxa5 Qb1+ 27. Kh2 cxd3 28.
Nd2 Qc2 29. Rf3 Re8 30. Qb5 Qxd2 31. Qxe8+ Kh7 32. Qxf7 1-0

[Event "AUTO-MASTER-3050"]
[Site "http://www.queenalice.com/game.php?id=1762335"]
[Date "2021.6.17"]
[Round "1"]
[White "rom_banane"]
[Black "LuisGabriel_HD"]
[Result "0-1"]
[WhiteElo "2128"]
[BlackElo "1963"]

1. d4 d5 2. c4 dxc4 3. Nf3 Bg4 4. e3 Nf6 5. Bxc4 e6 6. O-O Nc6 7. Nc3 Bd6 8. h3
Bxf3 9. Qxf3 O-O 10. Rd1 Re8 11. e4 e5 12. dxe5 Nxe5 13. Qe2 Qe7 14. f4 Nxc4 15.
Qxc4 Rad8 16. e5 Bc5+ 17. Kf1 Rxd1+ 18. Nxd1 Nh5 19. Qb3 Qh4 20. Qb5 Ng3+ 21.
Ke1 c6 22. Qxb7 Nf5+ 23. Ke2 Qh5+ 24. Ke1 Nd4 25. Qa6 Nc2+ 26. Kd2 Nxa1 27. Qxc6
Rd8+ 28. Kc3 Bd4+ 29. Kb4 Qxd1 30. Qc7 Bb6 0-1

[Event "AUTO-MASTER-3050"]
[Site "http://www.queenalice.com/game.php?id=1762354"]
[Date "2021.6.17"]
[Round "1"]
[White "rom_banane"]
[Black "Artking"]
[Result "1-0"]
[WhiteElo "2132"]
[BlackElo "2092"]

1. d4 Nf6 2. c4 g6 3. Nc3 Bg7 4. Nf3 d6 5. Bf4 Nbd7 6. e3 c6 7. Qa4 O-O 8. O-O-O
Qc7 9. Qc2 Nh5 10. Ne2 Nxf4 11. Nxf4 e5 12. Ne2 f5 13. dxe5 dxe5 14. Nc3 Nf6 15.
h3 h6 16. Nh4 Kh7 17. g4 e4 18. gxf5 gxf5 19. Rg1 Be6 20. f3 Rad8 21. Rxd8 Qxd8
22. fxe4 Nxe4 23. Ng6 Rf6 24. Nf4 Nxc3 25. bxc3 Bd7 26. Qg2 Be8 27. Qxg7# 1-0

[Event "AUTO-MASTER-3050"]
[Site "http://www.queenalice.com/game.php?id=1762355"]
[Date "2021.6.17"]
[Round "1"]
[White "Artking"]
[Black "rom_banane"]
[Result "0-1"]
[WhiteElo "1948"]
[BlackElo "2125"]

1. c4 e5 2. Nc3 Nf6 3. g3 d5 4. cxd5 Nxd5 5. Bg2 Nxc3 6. dxc3 Qxd1+ 7. Kxd1 Bd6
8. Nf3 Nc6 9. Kc2 Bf5+ 10. Kd1 O-O-O 11. Nh4 Bc5+ 12. Ke1 Bc2 13. Nf3 Rd1# 0-1

[Event "Challenge"]
[Site "http://www.queenalice.com/game.php?id=1763196"]
[Date "2021.6.28"]
[Round "-"]
[White "rom_banane"]
[Black "tucuman"]
[Result "0-1"]
[WhiteElo "2093"]
[BlackElo "2202"]

1. d4 d5 2. c4 dxc4 3. e3 a6 4. Bxc4 e6 5. Nc3 Nf6 6. Nf3 b5 7. Bb3 Bb7 8. O-O
c5 9. Re1 c4 10. Bc2 h6 11. e4 Nbd7 12. e5 Nd5 13. Nxd5 Bxd5 14. Bd2 Be7 15. b3
Kf8 16. bxc4 bxc4 17. Bc3 g6 18. a4 a5 19. Be4 Bxe4 20. Rxe4 Nb6 21. Qd2 Nd5 22.
Rb1 Bb4 23. Bxb4+ axb4 24. Rxb4 c3 25. Qd3 Nxb4 26. Qxc3 Rxa4 27. d5 Nxd5 28.
Qc5+ Kg7 29. Rxa4 Qb8 30. h3 Rc8 31. Qa5 Rc1+ 32. Kh2 Qb2 33. Qa7 Qb1 34. Nd4
Rh1+ 35. Kg3 Qd3+ 36. Nf3 Qf5 37. Rg4 h5 0-1

[Event "Challenge"]
[Site "http://www.queenalice.com/game.php?id=1763197"]
[Date "2021.6.28"]
[Round "-"]
[White "tucuman"]
[Black "rom_banane"]
[Result "1-0"]
[WhiteElo "2240"]
[BlackElo "2137"]

1. c4 e5 2. Nc3 Nf6 3. Nf3 Nc6 4. e4 Be7 5. Be2 O-O 6. d3 Bb4 7. O-O d6 8. Nd5
Bc5 9. Bg5 Rb8 10. Qc1 Re8 11. Bxf6 gxf6 12. Qh6 Re6 13. Rae1 Nb4 14. Qh4 c6 15.
Nxb4 Bxb4 16. Rd1 d5 17. cxd5 cxd5 18. d4 exd4 19. Qg3+ Kh8 20. Qxb8 Rxe4 21.
Bd3 Bd6 22. Qxa7 Rg4 23. g3 Be5 24. Nxe5 fxe5 25. f3 Rg5 26. Qc5 e4 27. Bb1 exf3
28. Rxf3 Bg4 29. Rxf7 Bxd1 30. Qxd4+ Kg8 31. Rxb7 Bg4 32. Rxh7 Qd6 33. Qh8# 1-0

[Event "AUTO-MASTER-3005"]
[Site "http://www.queenalice.com/game.php?id=1766243"]
[Date "2021.8.5"]
[Round "3"]
[White "seega"]
[Black "rom_banane"]
[Result "1-0"]
[WhiteElo "2339"]
[BlackElo "2081"]

1. Nf3 d5 2. d4 Nc6 3. c4 Nf6 4. cxd5 Nxd5 5. e4 Nb6 6. d5 Nb4 7. Nc3 e6 8. a3
Na6 9. Bb5+ Ke7 10. O-O f6 11. Be3 Kf7 12. dxe6+ Bxe6 13. Nd4 Bd6 14. Nxe6 Kxe6
15. Qb3+ Ke7 16. e5 1-0

[Event "AUTO-MASTER-3005"]
[Site "http://www.queenalice.com/game.php?id=1766244"]
[Date "2021.8.5"]
[Round "3"]
[White "rom_banane"]
[Black "seega"]
[Result "0-1"]
[WhiteElo "2075"]
[BlackElo "2337"]

1. d4 Nf6 2. c4 e6 3. Nc3 Bb4 4. Nf3 b6 5. e3 Bb7 6. Qb3 c5 7. a3 Bxc3+ 8. bxc3
O-O 9. Be2 Nc6 10. O-O Na5 11. Qc2 Be4 12. Bd3 Bxd3 13. Qxd3 d6 14. e4 Nb3 15.
Rb1 Nxc1 16. Rbxc1 h6 17. Rfe1 Qc7 18. h3 Rfd8 19. d5 e5 0-1

[Event "AUTO-OPEN-4282"]
[Site "http://www.queenalice.com/game.php?id=1788225"]
[Date "2022.5.3"]
[Round "2"]
[White "rom_banane"]
[Black "Vedovanera"]
[Result "0-1"]
[WhiteElo "2037"]
[BlackElo "2457"]

1. d4 Nf6 2. c4 e6 3. Nc3 Bb4 4. e3 O-O 5. Nf3 d5 6. Bd3 dxc4 7. Bxc4 c5 8. O-O
cxd4 9. Nxd4 Bd7 10. a3 Bxc3 11. bxc3 Qc8 12. Qb3 Na6 13. Bxa6 bxa6 14. Bb2 Rb8
0-1

[Event "AUTO-OPEN-4282"]
[Site "http://www.queenalice.com/game.php?id=1788226"]
[Date "2022.5.3"]
[Round "2"]
[White "Vedovanera"]
[Black "rom_banane"]
[Result "1-0"]
[WhiteElo "2458"]
[BlackElo "2035"]

1. e4 Nf6 2. e5 Nd5 3. c4 Nb6 4. d4 Nc6 5. d5 Nxe5 6. c5 Nbc4 7. Qd4 Nxb2 8.
Qxe5 Na4 9. Qd4 e6 10. Qxa4 Qf6 11. Bd3 Qxa1 12. Nf3 Bxc5 13. O-O Qf6 14. Bg5
1-0